| 000 | 00892nam a22002297a 4500 | ||
|---|---|---|---|
| 999 |
_c12923 _d12923 |
||
| 003 | AR-CdUCM | ||
| 008 | 190410b ||||| |||| 00| 0 spa d | ||
| 040 |
_aMUNICIPALIDAD PROVINCIAL DEL CUSCO _cBIBLIOTECA MUNICIPAL DEL CUSCO |
||
| 041 | _heng | ||
| 082 |
_a382 / _bP46 |
||
| 100 |
_aPerlo, Víctor _931055 |
||
| 245 | _aLa carrera económica USA - URSS / | ||
| 260 |
_aMéxico D. F. : _bGrijalbo, _c1969. |
||
| 440 |
_aColección 70. _n41 _931056 |
||
| 505 | _aContenido: El socialismo va ganando en todos los terrenos -- El plan septemal -- La carrera de la producción -- La rivalidad de los dos sistemas mundiales -- El nivel de vida más elevado del mundo ... | ||
| 650 |
_aEconomía Internacional _93982 |
||
| 650 |
_aEstados Unidos _91805 |
||
| 650 |
_aRusia _9499 |
||
| 700 |
_aGayá Nicolau, Guillermo (traducción) _931057 |
||
| 942 |
_2ddc _cLIBROS |
||
| 945 |
_aachl _d2019-04-10 |
||